000 00786nam a2200265Ia 4500
003 OSt
005 20220918223713.0
006 a|||||r|||| 00| 0
007 ta
008 220917b |||||||| |||| 00| 0 eng d
024 _a224,838
037 _cTextual
040 _aARTS
_cARTS
_beng
041 _2eng
_aeng
082 _aX:97, P5
100 _aHarley Bill Ed.
_9146453
245 0 _aParticipation and democracy at work
_b Essays in honour of Harvie Ramsay
260 _aNew York
_bPalgrave Macmillan
_c2005
300 _axiv, 257p.
_ccm.
650 _aECONOMICS
700 _a Hyman Jaff Ed.
_9146454
700 _a Thompson Paul Ed.
_9146455
942 _hX:97, P5
_cTEXL
_2CC
999 _c279270
_d279270